Statistics for Black Mirror trivia

Click here to take the quiz!

General Stats

  • This quiz has been taken 167 times
  • The average score is 3 of 13

Answer Stats

HintAnswer% Correct
Where was AI Ash's activation point in Be Right Back?Bathtub
62%
What was the name of the porn channel in Fifteen Million Merits?WraithBabes
52%
What was the name of the princess kidnapped in National Anthem?Princess Susannah
45%
In White Christmas, what food did Greta have a particular preference about?Toast
40%
What was the implant in Men Against Fire called?MASS
25%
What was the name of Victoria's fiance in White Bear?Iain Rannoch
24%
What was the name of the company that operated San Junipero?TCKR Systems
23%
What was the name of the rapper in Hated In The Nation?Tusk
22%
In what city did Ffion meat Jonas in The Entire History of You?Marrakech
17%
What was the name of the malware website Kenny went to in Shut Up and Dance?Shrive
14%
What was the name of the private island where Naomi's wedding was held in Nosedive?Honeysuckle
6%
What was the name of the video game company in Playtest?SaitoGemu
5%
In The Waldo Moment, in which constituency was the election?Stentonford and Hersham
0%

Score Distribution

Percentile by Number Answered

Percent of People with Each Score

Your Score History

You have not taken this quiz